Maroon 5 - Memories Lyrics - Statistics

General Stats
  • This quiz has been taken 149 times
  • The average score is 301 of 376
Answer Stats
Hint Answer % Correct
memories
97%
Memories
97%
the
97%
a
96%
to
96%
back
95%
bring
94%
that
92%
we
92%
here
91%
on
91%
one
89%
an
88%
Go
88%
I
88%
you
88%
all
87%
(No
87%
no)
87%
ones
87%
And
86%
and
86%
Cheers
86%
be
85%
Cause
85%
no
84%
got
83%
Chorus Here's
83%
remember
83%
but
81%
But
81%
not
81%
time
81%
(Oh)
80%
were
80%
yeah)
80%
Outro Yeah
80%
yeah
80%
drinks
78%
everything
78%
way
78%
ayy
77%
(Ayy)
77%
Bridge Doo
77%
doo
77%
lost
77%
(Ooh
77%
so
77%
wish
77%
your
77%
Verse 1 | Verse 2 There's
76%
we've
76%
been
75%
when
75%
When
75%
through
74%
today
74%
of
73%
you're
73%
my
70%
December
69%
for
69%
heart
69%
like
69%
say
69%
day
68%
Bridge Everybody
67%
Toast
67%
feel
66%
know
66%
alright
65%
did
65%
Now
63%
will
63%
hurts
62%
same
62%
sometimes
62%
someday
60%
forever
59%
stay
59%
in
58%
pain
57%
glass
55%
name
54%
felt
53%
believed
52%
gonna
52%
would
52%
yeah
52%
call
49%
never
49%
raise
47%
somebody
46%
can't
44%
out
43%
reach
43%
was
41%
it's
40%
I'll
39%
up
35%
ember
34%
stop
33%
too
33%
dark
32%
lighting
30%
powerful
27%
hatred
26%
drop
25%
these
25%
carry
24%
torches
19%
No matching quizzes found
Score Distribution
Percent of People with Each Score
Percentile by Number Answered
Your Score History
You have not taken this quiz